This scheming world

Originally published in 1692, this is a biting and humorous look at the commoners and their New Year's resolutions.

Uloženo v:
Podrobná bibliografie
Hlavní autor: Ihara, Saikaku
Médium: Kniha
Jazyk:Undetermined
Vydáno: Rutland, Vt. C.E. Tuttle Co. 1965
Témata:
Tagy: Přidat tag
Žádné tagy, Buďte první, kdo otaguje tento záznam!
Thư viện lưu trữ: Trung tâm Học liệu Trường Đại học Cần Thơ
LEADER 00663nam a2200193Ia 4500
001 CTU_113459
008 210402s9999 xx 000 0 und d
082 |a 895.6 
082 |b I.25 
100 |a Ihara, Saikaku 
245 0 |a This scheming world 
245 0 |c Saikaku Ihara; Translated by Masanori Takatsuka and David C. Stubbs 
260 |a Rutland, Vt. 
260 |b C.E. Tuttle Co. 
260 |c 1965 
520 |a Originally published in 1692, this is a biting and humorous look at the commoners and their New Year's resolutions. 
650 |a Japan fiction,Japan literature 
904 |i M.Loan 
980 |a Trung tâm Học liệu Trường Đại học Cần Thơ